00559nam a22001817a 450000500170000000800410001704000070005804100080006508200220007310000260009524500740012126000430019530000280023836500220026644000400028865000230032870000260035120221213144656.0221109b ||||| |||| 00| 0 eng d cAL aeng 223a328.542bLOKL aLok Sabha Secretariat aLok sabha debates:bNinth session fourteenth lok sabha Vol 23 No 8-10 aNew DelhibLok Sabha Secretariatc2006 avi,1467p.bHBc27x21cm. 2Political Science aFourteenth series: nVol 23 No 8-10 aDebates Parliament aLOK SABHA SECRETARIAT